[Event "AUT-chT 9697"]
[Site "Vorarlberg"]
[Date "1997.??.??"]
[Round "?"]
[White "Baumberger, Albert"]
[Black "Hutter, Herbert"]
[Result "1/2-1/2"]
[WhiteElo "1605"]
[BlackElo "1675"]
[PlyCount "27"]
[EventDate "1996.??.??"]
[EventType "team-tourn"]
[EventRounds "9"]
[EventCountry "AUT"]
[SourceTitle "EXT 1999"]
[Source "ChessBase"]
[SourceDate "1998.11.16"]
[SourceVersion "1"]
[SourceVersionDate "1998.11.16"]
[SourceQuality "1"]

1. e4 e6 2. Nf3 b6 3. d4 d5 4. exd5 exd5 5. Bd3 Nf6 6. 0-0 Be7 7. c3 0-0 8. Qc2 h6 9. Re1 Bd6 10. h3 Be6 11. b3 c5 12. dxc5 bxc5 13. c4 d4 14. Be4 1/2-1/2

[Event "AUT-chT 9697"]
[Site "Vorarlberg"]
[Date "1996.??.??"]
[Round "?"]
[White "Christen, Markus"]
[Black "Hutter, Herbert"]
[Result "1-0"]
[WhiteElo "1785"]
[BlackElo "1675"]
[PlyCount "87"]
[EventDate "1996.??.??"]
[EventType "team-tourn"]
[EventRounds "9"]
[EventCountry "AUT"]
[SourceTitle "EXT 1999"]
[Source "ChessBase"]
[SourceDate "1998.11.16"]
[SourceVersion "1"]
[SourceVersionDate "1998.11.16"]
[SourceQuality "1"]

1. e4 e6 2. d4 d5 3. e5 c5 4. c3 Nc6 5. Nf3 Qb6 6. Be2 cxd4 7. cxd4 Nge7 8. Na3 a6 9. 0-0 Nf5 10. Nc2 Bd7 11. b3 Be7 12. g4 Nh4 13. Nxh4 Bxh4 14. Ba3 Be7 15. Bxe7 Nxe7 16. f4 g6 17. Kh1 Rc8 18. Qd2 0-0 19. Rf3 f5 20. g5 Bb5 21. Bd1 Rc7 22. h4 Rfc8 23. h5 Be8 24. h6 Kf7 25. Kg2 a5 26. a4 Nc6 27. Rc3 Nb4 28. Rxc7+ Rxc7 29. Nxb4 Qxb4 30. Qxb4 axb4 31. Kf2 Ke7 32. Ke1 Kd8 33. a5 Bb5 34. Be2 Ba6 35. Ra4 Bxe2 36. Kxe2 Kc8 37. Rxb4 Rc6 38. Kd2 Kb8 39. Rb5 Ka7 40. Rc5 Rxc5 41. dxc5 Ka6 42. b4 Kb5 43. Kc3 Kc6 44. Kc2 1-0